Промышленность СССР в 1926/27 году. Т. 2: Таблицы (Запись № 13588761)

Подробности
000 -МАРКЕР
контрольное поле 01056nam2a2200253 4500
001 - ИДЕНТИФИКАТОР ЗАПИСИ
контрольное поле rc\2892435
005 - ИДЕНТИФИКАТОР ВЕРСИИ
контрольное поле 20260315053139.0
035 ## - ДРУГИЕ СИСТЕМНЫЕ НОМЕРА
Идентификатор записи (NLR Aleph) 007044690
100 ## - ДАННЫЕ ОБЩЕЙ ОБРАБОТКИ
Данные общей обработки 20110726d1928 u y0rusy50 ca
101 0# - ЯЗЫК РЕСУРСА
Язык текста, звукозаписи и т.д. русский
102 ## - СТРАНА ПУБЛИКАЦИИ ИЛИ ПРОИЗВОДСТВА
Страна публикации Российская Федерация
105 ## - ПОЛЕ КОДИРОВАННЫХ ДАННЫХ: ТЕКСТОВЫЕ МАТЕРИАЛЫ, МОНОГРАФИЧЕСКИЕ
Кодированные данные о монографическом текстовом документе y z |||||
200 1# - ЗАГЛАВИЕ И СВЕДЕНИЯ ОБ ОТВЕТСТВЕННОСТИ
Основное заглавие Таблицы
Первые сведения об ответственности Под ред. проф. Л.Б. Кафенгауз
210 ## - ПУБЛИКАЦИЯ, РАСПРОСТРАНЕНИЕ И ДР.
Дата издания, распространения и т.д. 1928
215 ## - ФИЗИЧЕСКАЯ ХАРАКТЕРИСТИКА
Специфическое обозначение материала и объем [2], 115 с.
461 #0 - УРОВЕНЬ НАБОРА
Встроенное поле 001rc\2892434
-- 2001#$aПромышленность СССР в 1926/27 году$eЕжегодник ВСНХ. [Т. 2]$vТ. 2
Системный номер (АБИС) связанной записи 6131598
Автор СССР (до 1932 г.). Высший совет народного хозяйства
Место публикации Москва
Дата публикации 1928
Издание 7-й год изд.
Имя издателя, распространителя и т.д. Гос. техн. изд-во
Сведения, относящиеся к заглавию Ежегодник ВСНХ. [Т. 2]
Физическая характеристика 519 с.
Заглавие Промышленность СССР в 1926/27 году
Номер тома Т. 2
702 #1 - ИМЯ ЛИЦА - ВТОРИЧНАЯ ОТВЕТСТВЕННОСТЬ
Начальный элемент ввода Кафенгауз
Часть имени, кроме начального элемента ввода Л.Б.
Код отношения Редактор
801 #0 - ИСТОЧНИК ЗАПИСИ
Страна Российская Федерация
Организация NLR
Правила каталогизации psbo
801 #1 - ИСТОЧНИК ЗАПИСИ
Страна Российская Федерация
Организация ELAR
Источник данных rusmarc
852 ## - МЕСТОНАХОЖДЕНИЕ И ШИФР ХРАНЕНИЯ
Идентификатор организации NLR
Шифр хранения (Call Number) 17.133.3.47(7)
852 ## - МЕСТОНАХОЖДЕНИЕ И ШИФР ХРАНЕНИЯ
Идентификатор организации NLR
Шифр хранения (Call Number) 132/4982(1)
942 ## - ДОПОЛНИТЕЛЬНЫЕ ЭЛЕМЕНТЫ ЗАПИСИ (АБИС)
Тип экземпляра АБИС Неопределено
980 ## - КОЛЛЕКЦИЯ
Название коллекции Национальная библиография

Нет доступных экземпляров.